00485nam a22001577a 4500003000400000005001700004008004100021020001500062040002900077050002300106100004200129245003300171260004300204300001000247600007000257OSt20250814122912.0250814b |||||||| |||| 00| 0 eng d a1429216980 cChuka University Library aHB 172.5 .F44 2008 aRobert C. Feenstra and Alan M. Taylor aInternational Macroeconomics aNew York, USAbWorth Publishers c2008 a548P. 21. Macroeconomics 2. International Finance 3. International Trade